MARC details
| 000 -CABECERA |
| campo de control de longitud fija |
01512nam a22002657a 4500 |
| 003 - IDENTIFICADOR DEL NÚMERO DE CONTROL |
| campo de control |
OSt |
| 005 - FECHA Y HORA DE LA ÚLTIMA TRANSACCIÓN |
| campo de control |
20260305073957.0 |
| 008 - DATOS DE LONGITUD FIJA--INFORMACIÓN GENERAL |
| campo de control de longitud fija |
201104b 2020 dr 00| 0 eng d |
| 040 ## - FUENTE DE LA CATALOGACIÓN |
| Centro catalogador/agencia de origen |
DO-SdBNP |
| Lengua de catalogación |
spa |
| Centro/agencia transcriptor |
BNPHU |
| 082 #4 - NÚMERO DE LA CLASIFICACIÓN DECIMAL DEWEY |
| Número de clasificación |
320.97293 |
| Número de documento/Ítem |
F363s, 2020-2024 |
| Número de edición |
22 |
| 100 1# - ENTRADA PRINCIPAL--NOMBRE DE PERSONA |
| Nombre de persona |
Fernández, Leonel, |
| Fechas asociadas al nombre |
1953- |
| 9 (RLIN) |
7291 |
| 245 10 - MENCIÓN DE TÍTULO |
| Título |
Siete pilares para una nueva ola de transformaciones en la República Dominicana / |
| Resto del título |
programa de gobierno 2020-2024. |
| Mención de responsabilidad, etc. |
Leonel Fernández |
| 260 ## - PUBLICACIÓN, DISTRIBUCIÓN, ETC. |
| Lugar de publicación, distribución, etc. |
Santo Domingo : |
| Nombre del editor, distribuidor, etc. |
Fuerza del Pueblo, |
| Fecha de publicación, distribución, etc. |
2020. |
| 300 ## - DESCRIPCIÓN FÍSICA |
| Extensión |
230 p. ; |
| Dimensiones |
28 cm. |
| 505 0# - NOTA DE CONTENIDO CON FORMATO |
| Nota de contenido con formato |
Mensaje del Dr. Leonel Fernández -- |
| Título |
Fortaleciendo el Estado de derecho -- |
| -- |
Garantizando el crecimiento, la estabilidad económica y unas finanzas públicas sostenibles -- |
| -- |
Avanzando hacia un nuevo paradigma de capital intensivo, innovación y productividad -- |
| -- |
Creando condiciones para el bienestar de los ciudadanos dominicanos -- |
| -- |
Caminando hacia un país más tranquilo y seguro -- |
| -- |
Construyendo la infraestructura hacia RD 2044 -- |
| -- |
Protegiendo el medio ambiente y los recursos naturales -- |
| 590 ## - NOTA LOCAL (RLIN) |
| Nota local |
Inventariado, 2020 /LP |
| 610 24 - PUNTO DE ACCESO ADICIONAL DE MATERIA--NOMBRE DE ENTIDAD CORPORATIVA |
| Nombre de entidad corporativa o nombre de jurisdicción como elemento de entrada |
Fuerza del Pueblo (República Dominicana) |
| 9 (RLIN) |
81694 |
| 650 #4 - PUNTO DE ACCESO ADICIONAL DE MATERIA--TÉRMINO DE MATERIA |
| Término de materia o nombre geográfico como elemento de entrada |
Partidos políticas |
| Subdivisión geográfica |
República Dominicana |
| 9 (RLIN) |
81696 |
| 651 #4 - PUNTO DE ACCESO ADICIONAL DE MATERIA--NOMBRE GEOGRÁFICO |
| Nombre geográfico |
República Dominicana |
| Subdivisión general |
Política y gobierno |
| Subdivisión cronológica |
2020-2024 |
| 9 (RLIN) |
79113 |
| 651 #4 - PUNTO DE ACCESO ADICIONAL DE MATERIA--NOMBRE GEOGRÁFICO |
| Nombre geográfico |
Planes de desarrollo |
| Subdivisión geográfica |
República Dominicana |
| Subdivisión cronológica |
2020-2024 |
| 9 (RLIN) |
81689 |
| 710 1# - PUNTO DE ACCESO ADICIONAL--NOMBRE DE ENTIDAD CORPORATIVA |
| Nombre de entidad corporativa o nombre de jurisdicción como elemento de entrada |
Fuerza del Pueblo |
| 9 (RLIN) |
77272 |
| 910 ## - DATOS DE OPCIÓN DEL USUARIO (OCLC) |
| Datos de opción del usuario |
Validado. Control de calidad MFF |
| 942 ## - ELEMENTOS DE PUNTO DE ACCESO ADICIONAL (KOHA) |
| Fuente del sistema de clasificación o colocación |
Dewey Decimal Classification |
| Tipo de ítem Koha |
Libro |
| 956 ## - LOCALIZACIÓN Y ACCESO ELECTRÓNICOS LOCAL (OCLC) |
| Nombre del host |
LOPEREZ |